00570 2200193 4500001002100000005001500021035002000036245011100056100001000167250001200177300004300189260003800232082001200270084001800282020001900300650002300319990001700342990001700359INLIS00000000003851720250826012745 a0010-08250000921 aPerkembangan Teknologi Digital untuk Berbagai Bidang Kehidupan :bDigital Technology For Humanity /cFahmi0 aFahmi aPertama aiii + 92 Halaman :bIlustrasi ;c25 Cm aSumatra Utara :bUSU Press,c2024 a621.381 a621.381 FAH p a97860246555631 4aTeknik Elektronika a38469/H-2025 a38469/H-2025